000 00552nam a2200181Ia 4500
003 GCL
008 140319s9999 xx 000 0 ara d
040 _aGCL /
_cGCL
082 0 4 _a808.82
_bم ر
100 1 _aمصطفى ماهر
_vAnnotator
_@
…علق
245 1 0 _aزيارة السيده العجوزه /
_cمصطفى ماهر
700 1 _aدورينمات، فريدريش
300 _a224 ص
490 _aروائع المسرح العالمى
_v0
650 0 4 _aالمسرحيات
650 0 4 _aالمجموعات
942 _2ddc
_cBK
999 _c41874
_d41874